Hướng dẫn thực hành Sinh học 7

সংরক্ষণ করুন:
গ্রন্থ-পঞ্জীর বিবরন
প্রধান লেখক: Vũ Quang Mạnh
অন্যান্য লেখক: Lê, Nguyên Nhật
বিন্যাস: গ্রন্থ
ভাষা:Undetermined
প্রকাশিত: H. Đại học sư phạm 2004
বিষয়গুলি:
অনলাইন ব্যবহার করুন:http://lrc.tdmu.edu.vn/opac/search/detail.asp?aID=2&ID=6202
ট্যাগগুলো: ট্যাগ যুক্ত করুন
কোনো ট্যাগ নেই, প্রথমজন হিসাবে ট্যাগ করুন!
Thư viện lưu trữ: Trung tâm Học liệu Trường Đại học Thủ Dầu Một
LEADER 00658nam a2200205Ia 4500
001 TDMU_6202
008 210410s9999 xx 000 0 und d
082 |a 570.71 
090 |b V500 
100 |a Vũ Quang Mạnh 
245 0 |a Hướng dẫn thực hành Sinh học 7 
245 0 |c Vũ Quang Mạnh, Lê Nguyên Nhật 
260 |a H. 
260 |b Đại học sư phạm 
260 |c 2004 
300 |a 128tr. 
650 |a Sách lớp 7; Sinh học 
700 |a Lê, Nguyên Nhật 
856 |u http://lrc.tdmu.edu.vn/opac/search/detail.asp?aID=2&ID=6202 
980 |a Trung tâm Học liệu Trường Đại học Thủ Dầu Một